[Event "FSIMA June"]
[Site "Budapest HUN"]
[Date "2007.06.11"]
[Round "10"]
[White "Toth,E"]
[Black "Doggers,P"]
[Result "1/2-1/2"]
[WhiteElo "2298"]
[BlackElo "2247"]

1.d4 d5 2.c4 dxc4 3.e4 e5 4.Nf3 exd4 5.Bxc4 Nc6 6.O-O Be6 7.Bxe6 fxe6 8.Qb3 Qd7
9.Rd1 Nf6 10.e5 Ng4 11.Bg5 Bc5 12.h3 Nh6 13.Nbd2 Nf7 14.Qxb7 Rb8 15.Qa6 Nxg5
16.Nxg5 Be7 17.Ngf3 Rxb2 18.Nb3 Nb4 19.Qa5 d3 20.Rac1 Rxa2 21.Qxc7 Qxc7 22.Rxc7 Rf8
23.Nbd4 Nd5 24.Rb7 Nf4 25.Kf1 Bc5 26.Rb8+ Kd7 27.Rxf8 Bxf8 28.g3 Nxh3 29.Rxd3 Rxf2+
30.Ke1 Bb4+ 31.Kd1 Rf1+ 32.Ke2 Rf2+ 33.Kd1 a5 34.Nf5+ Kc7 35.Nxg7 a4 36.Nd4 Kb6
37.Ngxe6 Rf1+ 38.Kc2 Re1 39.Nf3 Re2+ 40.Kb1 Nf2 41.Rd8 Ne4 42.Rb8+ Ka7 43.Rxb4 Nc3+
44.Kc1 Na2+  1/2-1/2

[Event "FSIMB June"]
[Site "Budapest HUN"]
[Date "2007.06.11"]
[Round "10"]
[White "Galyas,M"]
[Black "Werner,Di"]
[Result "1/2-1/2"]
[WhiteElo "2444"]
[BlackElo "2358"]

1.d4 d5 2.c4 dxc4 3.e4 b5 4.a4 c6 5.Nc3 b4 6.Na2 Nf6 7.e5 Nd5 8.Bxc4 e6 9.Nf3 a5
10.Bd2 Qb6 11.Nc1 Ba6 12.b3 Nd7 13.O-O c5 14.Re1 cxd4 15.Bxd5 exd5 16.Ng5 Nc5
17.Qf3 Ra7 18.Qxd5 Ne6 19.Qf3 Bc5 20.Nd3 O-O 21.Ne4 Be7 22.Rac1 Rc8 23.Rxc8+ Bxc8
24.Qg3 Qd8 25.f4 Bh4 26.Nf6+ Qxf6 27.exf6 Bxg3 28.hxg3 gxf6 29.f5 Ng7 30.g4 h5
31.gxh5 Bxf5 32.Nf4 Ne6 33.Nd5 Bc2  1/2-1/2

[Event "ch-COL w"]
[Site "Cartagena de Indias COL"]
[Date "2007.06.14"]
[Round "2"]
[White "Chirivi,Y"]
[Black "Franco,Ang"]
[Result "1-0"]
[WhiteElo "2049"]
[BlackElo "2124"]

1.d4 d5 2.c4 dxc4 3.e4 Nf6 4.e5 Nd5 5.Bxc4 Nb6 6.Bb3 Nc6 7.Be3 Bf5 8.Ne2 e6
9.O-O Be7 10.Nbc3 Qd7 11.a3 Rd8 12.Bc2 f6 13.Bxf5 exf5 14.Nf4 fxe5 15.Qh5+ Kf8
16.dxe5 Nxe5 17.Rad1 Bd6 18.Bd4 Nf7 19.Rfe1 g6 20.Qh3 Bxf4 21.Bxh8 Nd6 22.Bf6 Re8
23.g3 Qf7 24.gxf4 Qxf6 25.Qxh7 Ne4 26.Qxc7 Qh4 27.Nxe4 fxe4 28.Qc5+ Kf7 29.Qg5 Qh3
30.Rd6 Re6 31.Rxe6 Qxe6 32.Qg2  1-0

[Event "III Perla Baltyku A"]
[Site "Mielno POL"]
[Date "2007.06.24"]
[Round "8"]
[White "Shishkin,Va UKR"]
[Black "Brodowski,P"]
[Result "1-0"]
[WhiteElo "2515"]
[BlackElo "2364"]

1.d4 d5 2.c4 dxc4 3.e4 Nf6 4.e5 Nd5 5.Bxc4 Nc6 6.Ne2 Nb6 7.Bd3 Nb4 8.Be4 c6
9.Nbc3 g6 10.h4 f5 11.Bf3 e6 12.g3 Be7 13.Bh6 Kf7 14.Kf1 Bd7 15.Kg2 Be8 16.b3 Rc8
17.Qd2 Rc7 18.Rac1 c5 19.Rhd1 c4 20.d5 exd5 21.Nxd5 Bc6 22.e6+ Kxe6 23.Nef4+ Kf7
24.Qc3 Rg8 25.Nxb6 Bxf3+ 26.Qxf3  1-0

[Event "ch-BEL Expert"]
[Site "Namur BEL"]
[Date "2007.06.30"]
[Round "1"]
[White "Duric,S"]
[Black "Wiley,To"]
[Result "1-0"]
[WhiteElo "2214"]
[BlackElo "2343"]

1.d4 d5 2.c4 dxc4 3.e4 Nc6 4.Be3 Nf6 5.f3 e5 6.d5 Nd4 7.Ne2 c5 8.dxc6 Nxc6
9.Qxd8+ Kxd8 10.Nbc3 b6 11.O-O-O+ Kc7 12.g4 h6 13.h4 Be6 14.Rg1 Rd8 15.Rxd8 Kxd8
16.g5 hxg5 17.hxg5 Nd7 18.g6 f6 19.f4 exf4 20.Nxf4 Bg8 21.Bh3 Bc5 22.Bxc5 Nxc5
23.Rd1+ Ke8 24.Nb5 Rh4 25.Nc7+ Kf8 26.Rd6 Rxf4 27.Rxc6 Rf2 28.Nd5 Nd3+ 29.Kd1 Nxb2+
30.Ke1 Nd3+ 31.Kd1 Nb2+ 32.Ke1 Nd3+ 33.Kd1 Bxd5 34.exd5 Ne5 35.Rc7 Rxa2 36.d6 Ra1+
37.Kc2 Ra2+ 38.Kb1 Rd2 39.Rc8+  1-0

[Event "Tespo Engineering"]
[Site "Brno CZE"]
[Date "2007.07.05"]
[Round "8"]
[White "Polak,T"]
[Black "Cernousek,L"]
[Result "1/2-1/2"]
[WhiteElo "2510"]
[BlackElo "2411"]

1.d4 d5 2.c4 dxc4 3.e4 c5 4.Nf3 cxd4 5.Qxd4 Qxd4 6.Nxd4 a6 7.Bxc4 e5 8.Nf3 Nc6
9.Ng5 Nd8 10.Be3 f6 11.Nf3 Be6 12.Nbd2 Rc8 13.Bxe6 Nxe6 14.Ke2 Bc5 15.Rac1 Ne7
16.Nc4 b5 17.Na5 Bxe3 18.Kxe3 Rxc1 19.Rxc1 Kd7 20.g3 Rc8 21.Rd1+ Kc7 22.h4 Rd8
23.Rxd8 Nxd8 24.Nb3  1/2-1/2

[Event "Tespo Engineering"]
[Site "Brno CZE"]
[Date "2007.07.05"]
[Round "8"]
[White "Rogule,L"]
[Black "Zilka,S"]
[Result "0-1"]
[WhiteElo "2339"]
[BlackElo "2419"]

1.d4 d5 2.c4 dxc4 3.e4 e5 4.Nf3 exd4 5.Qxd4 Nc6 6.Qxd8+ Nxd8 7.Bxc4 Be6 8.Bxe6 Nxe6
9.Be3 Nf6 10.Nbd2 Ng4 11.Bg5 Nxg5 12.Nxg5 Bb4 13.a3 Bxd2+ 14.Kxd2 Nxf2 15.Rhf1 Ng4
16.Nxf7 O-O 17.Ng5 Nxh2 18.Rxf8+ Rxf8 19.Ke2 Ng4 20.Nf3 Re8 21.Nd2 Kf7 22.b4 Ne5
23.Rc1 c6 24.a4 Rd8 25.Rc5 Ng6 26.Nc4 Nf4+ 27.Kf3 Ne6 28.Rf5+ Ke7 29.Ra5 a6
30.Ne3 g6 31.g3 Rd3 32.Ke2 Rb3 33.Nc2 Rxg3 34.b5 axb5 35.axb5 Rg5  0-1

[Event "Tespo Engineering"]
[Site "Brno CZE"]
[Date "2007.07.07"]
[Round "10"]
[White "Polak,T"]
[Black "Savage,B"]
[Result "1/2-1/2"]
[WhiteElo "2510"]
[BlackElo "2332"]

1.d4 d5 2.c4 dxc4 3.e4 e5 4.Nf3 exd4 5.Bxc4 Nc6 6.O-O Be6 7.Bxe6 fxe6 8.Qb3 Qd7
9.Qxb7 Rb8 10.Qa6 Nf6 11.Qd3 Bd6 12.Nbd2 O-O 13.h3 e5 14.Nc4 Nh5 15.a3 Qe6
16.Ng5 Qg6 17.Nxd6 cxd6 18.Qc4+ d5 19.Qxd5+ Kh8 20.Qe6 Rf6 21.Qg4 Nf4 22.Bxf4 Rxf4
23.Qd7 Rf6 24.Rac1 h6 25.Rxc6 Qxg5 26.Rxf6 Qxf6 27.b4 Qa6 28.Rc1 Qxa3 29.Rc7 Rg8
30.b5 Qa1+ 31.Kh2 Qe1 32.Qd5 Qxf2 33.Qxe5 d3 34.Rd7 d2 35.Qd6 Re8 36.Qxd2 Qxd2
37.Rxd2 Rxe4  1/2-1/2

[Event "XXV Andorra Open"]
[Site "Andorra la Vella AND"]
[Date "2007.07.08"]
[Round "9"]
[White "Avila Jimenez,J"]
[Black "Mellado Trivino,J"]
[Result "0-1"]
[WhiteElo "2259"]
[BlackElo "2394"]

1.d4 d5 2.c4 dxc4 3.e4 Nf6 4.e5 Nd5 5.Bxc4 Nb6 6.Bd3 Nc6 7.Be3 Be6 8.Nc3 Bc4
9.Bxc4 Nxc4 10.Qa4 Nb6 11.Qd1 e6 12.Nf3 Be7 13.O-O Qd7 14.Qe2 O-O 15.Rad1 Nb4
16.Ng5 N4d5 17.Qh5 Bxg5 18.Bxg5 f5 19.exf6 Nxf6 20.Qh3 Nbd5 21.Rfe1 h6 22.Bc1 Rae8
23.Rd3 Qf7 24.Rf3 Qh5 25.Qg3 Qg4 26.Qe5 Nd7 27.Qg3 Qxg3 28.Rxg3 Kh7 29.Ne4 e5
30.dxe5 Nxe5 31.Kf1 Nb4 32.Rc3 Nxa2 33.Rxc7 Nxc1 34.Nd6 Re6 35.Rcxc1 Rxf2+
36.Kxf2 Nd3+ 37.Kf1 Rxd6 38.Ke2 Nxe1 39.Kxe1 Rb6 40.Rc2 Kg6 41.Kd2 h5 42.Kd3 h4
43.Rf2 Kg5 44.Kc4 a5 45.Rd2 Rb4+ 46.Kc3 b6 47.Rd6 Kf5 48.Kc2 g5 49.Kc3 Kf4
50.Rf6+ Ke3 51.Rf5 Rg4  0-1

[Event "Kaupthing Open"]
[Site "Differdange LUX"]
[Date "2007.07.08"]
[Round "2"]
[White "Malakhatko,V"]
[Black "Michiels,B"]
[Result "1-0"]
[WhiteElo "2590"]
[BlackElo "2454"]

1.d4 d5 2.c4 dxc4 3.e4 Nc6 4.Nf3 Bg4 5.d5 Ne5 6.Bf4 Ng6 7.Be3 e5 8.Bxc4 Bd6
9.Bb5+ Kf8 10.Be2 Nf6 11.Nc3 h5 12.Rc1 a6 13.O-O Bd7 14.Bg5 h4 15.Nd2 b5
16.Nb3 Nf4 17.Bf3 b4 18.Ne2 Bb5 19.Nc5 Qb8 20.Bxf6 gxf6 21.Nxf4 exf4 22.Be2 h3
23.g3 Qa7 24.Bxb5 Bxc5 25.Bc6 Rd8 26.Qf3 fxg3 27.hxg3 Bd4 28.Rc2 Ke7 29.Kh2 Rdg8
30.a3 Rb8 31.Qd3 Bc5 32.f4 bxa3 33.bxa3 Bd4 34.e5 Kf8 35.d6 cxd6 36.exd6 Kg7
37.Qf5 Rb3 38.Qg4+ Kh6 39.d7 Bb6 40.Bd5 Rf8 41.Bxb3  1-0

[Event "Kaupthing Open"]
[Site "Differdange LUX"]
[Date "2007.07.09"]
[Round "4"]
[White "Bergsson,Sn"]
[Black "Michiels,B"]
[Result "1-0"]
[WhiteElo "2301"]
[BlackElo "2454"]

1.d4 d5 2.c4 dxc4 3.e4 c5 4.d5 Nf6 5.Nc3 b5 6.Bf4 Qa5 7.Bd2 Nbd7 8.Nf3 b4
9.e5 Ng4 10.e6 fxe6 11.dxe6 Nb6 12.Ng5 Nf6 13.Qf3 bxc3 14.Qc6+ Nfd7 15.Bxc3 Qa4
16.exd7+ Bxd7 17.Qf3 Qc6 18.Qf7+ Kd8 19.O-O-O Kc7 20.Be5+ Kb7 21.Be2 Qg6
22.Qxg6 hxg6 23.Nf7 Rh5 24.Bf3+ Kc8 25.g4 Rh3 26.Bxa8 Nxa8 27.Bg3 Nb6 28.Ne5 Be8
29.Rhe1 g5 30.Nf3 Rh6 31.Re3 e6 32.Nxg5 Bd7 33.Nf7 Rg6 34.Nd6+ Bxd6 35.Rxd6 Nd5
36.Rxd5  1-0

[Event "Lake Sevan"]
[Site "Martuni ARM"]
[Date "2007.07.13"]
[Round "8"]
[White "Melkumyan,H"]
[Black "Kotanjian,T"]
[Result "1-0"]
[WhiteElo "2406"]
[BlackElo "2560"]

1.d4 d5 2.c4 dxc4 3.e4 e5 4.Nf3 exd4 5.Bxc4 Bb4+ 6.Bd2 Bxd2+ 7.Nbxd2 Nc6
8.O-O Nf6 9.e5 Nd5 10.Qb3 Na5 11.Qa4+ Nc6 12.Qb3 Na5 13.Qb5+ c6 14.Qc5 Qb6
15.Qxd4 Qxd4 16.Nxd4 Nxc4 17.Nxc4 O-O 18.Rad1 Bd7 19.Rfe1 b6 20.e6 Bxe6 21.Nxc6 Nc3
22.Rd4 Nxa2 23.Nd6 a6 24.f4 g6 25.g4 a5 26.f5 Bd7 27.Ne7+ Kg7 28.Ne4 Bc8
29.Ra1 Nb4 30.f6+ Kh6 31.g5+ Kh5 32.Rxb4 Bf5 33.Ng3+ Kxg5 34.Rb5 Kxf6 35.Nexf5 gxf5
36.Rxb6+ Kg5 37.Rf1 f4 38.Rb5+ f5 39.Ne4+ Kh6 40.Rb6+ Kg7 41.Rb7+ Kh6 42.Nd6 Rab8
43.Rxf4 Rg8+ 44.Kh1 Rxb7 45.Nxb7 Rb8 46.Nxa5 Rxb2 47.Rxf5 Kg6 48.Rf3 h5 49.Nc4 Ra2
50.Kg1 Kg5 51.Ne3 Kh4 52.h3 Rb2 53.Ng2+ Kg5 54.Kh2 h4 55.Ra3 Rb4 56.Ra8 Rd4
57.Rg8+ Kh5 58.Kg1 Ra4 59.Kf2 Ra2+ 60.Kf3 Ra3+ 61.Ne3 Ra2 62.Rg2 Ra1 63.Nd5 Rf1+
64.Ke4  1-0

[Event "Open A"]
[Site "Oberwart AUT"]
[Date "2007.07.13"]
[Round "7"]
[White "Jedynak,R"]
[Black "Zilberman,Y"]
[Result "1-0"]
[WhiteElo "2540"]
[BlackElo "2473"]

1.d4 d5 2.c4 dxc4 3.e4 Nf6 4.e5 Nd5 5.Bxc4 Nb6 6.Bd3 Nc6 7.Ne2 Be6 8.Nbc3 Bc4
9.Bxc4 Nxc4 10.Qb3 Nb6 11.e6 fxe6 12.O-O Qd7 13.Rd1 O-O-O 14.a4 a5 15.Bf4 g6
16.Nb5 Nd5 17.Rac1 Nxf4 18.Nxf4 Bh6 19.Rxc6 Bxf4 20.Na7+ Kb8 21.Ra6 b6 22.Qf3 Qd5
23.Nc6+ Kb7 24.Ra7+ Kxc6 25.Qxf4 Qd6 26.Rc1+ Kd7 27.Rcxc7+ Ke8 28.Qg5 Kf8
29.Rxe7 Qxd4 30.Qh6+  1-0

[Event "1st LCT"]
[Site "Leiden NED"]
[Date "2007.07.16"]
[Round "4"]
[White "Van Ketel,R"]
[Black "Slingerland,F"]
[Result "1-0"]
[WhiteElo "2323"]
[BlackElo "2304"]

1.d4 d5 2.c4 dxc4 3.e4 e5 4.Nf3 exd4 5.Bxc4 Nc6 6.O-O Be6 7.Bb5 Bc5 8.Nbd2 Ne7
9.Ng5 Qd7 10.Nxe6 Qxe6 11.Nb3 Qd6 12.Bf4 Qxf4 13.Nxc5 O-O 14.Rc1 Rfb8 15.g3 Qh6
16.f4 a6 17.Be2 Rd8 18.Rf3 a5 19.a3 b6 20.Nb3 Qe6 21.Bd3 Rac8 22.Ba6 Ra8
23.Qd3 Nb8 24.Bb7 Ra7 25.Rxc7 Qd6 26.Qc4 Na6 27.Rxe7 Qxe7 28.Bxa6 Qxe4 29.Nd2 Qe1+
30.Nf1 Re7 31.Qb3 Rd6 32.Qc2 h5 33.Bb5 Rd8 34.Qf2 Qc1 35.Rd3 Qc5 36.a4 Qb4
37.Qd2 Qc5 38.b3 Rd6 39.Bc4 h4 40.gxh4 Qh5 41.Ng3 Qc5 42.Qf2 Re3 43.h5 Rd7
44.h6 gxh6 45.Nf1 Rxd3 46.Bxd3 Kf8 47.Ng3 Qc1+ 48.Kg2 Qd1 49.Qc2 Qxc2+ 50.Bxc2 Rc7
51.Bd3 Rc3 52.Bc4 Rc2+ 53.Kf3 Rxh2 54.Nf5 h5 55.Nxd4 f6 56.Nf5 Ke8 57.Kg3 Rh1
58.Kg2 Rc1 59.Ng7+ Ke7 60.Nxh5 Rc3 61.Ng3 b5 62.Bxb5 Rxb3 63.Nf5+ Kf8 64.Kf2 Rb2+
65.Kf3 Kf7 66.Nd4 Kg6 67.Be8+ Kg7 68.Ne6+ Kh6 69.Ke4 Rb8 70.Bb5 Kg6 71.f5+ Kh5
72.Kf4 Rg8 73.Be2+ Kh6 74.Ke4 Rg2 75.Bb5 Rf2 76.Nf4 Rb2 77.Nd3 Rb1 78.Kd4 Kg5
79.Bd7 Rb6 80.Kd5 Rb7 81.Nc5 Rb1 82.Ne4+ Kf4 83.Nxf6 Rd1+ 84.Ke6 Re1+ 85.Kd6 Rd1+
86.Nd5+ Ke4 87.Be6  1-0

[Event "XXII Tadeusz Gniota Mem"]
[Site "Police POL"]
[Date "2007.07.17"]
[Round "7"]
[White "Kludacz,M"]
[Black "Tokarczyk,T"]
[Result "0-1"]
[WhiteElo "2244"]
[BlackElo "2112"]

1.d4 d5 2.c4 dxc4 3.e4 Nf6 4.e5 Nd5 5.Bxc4 Nb6 6.Bd3 Nc6 7.Be3 Be6 8.Nc3 Bc4
9.Be4 Qd7 10.b3 Bd5 11.Nxd5 Nxd5 12.Ne2 e6 13.a3 O-O-O 14.O-O f6 15.exf6 gxf6
16.b4 f5 17.Bxd5 Qxd5 18.Qa4 Rg8 19.g3 Qe4 20.b5 Ne5 21.Nc3 Nf3+ 22.Kh1 Qg4
23.Qd1 f4 24.Bc1 Qh3 25.Qxf3  0-1

[Event "29th Politiken Cup"]
[Site "Copenhagen DEN"]
[Date "2007.07.23"]
[Round "4"]
[White "Sargissian,G"]
[Black "Rasmussen,A"]
[Result "1-0"]
[WhiteElo "2667"]
[BlackElo "2446"]

1.d4 d5 2.c4 dxc4 3.e4 e5 4.Nf3 exd4 5.Bxc4 Nc6 6.O-O Be6 7.Bb5 Bc5 8.Nbd2 Ne7
9.Ng5 Qd7 10.Nb3 Bxb3 11.Qxb3 O-O 12.Bc4 Qe8 13.Qxb7 Bb6 14.Qa6 Ne5 15.Bb3 h6
16.Nh3 Qc8 17.Qe2 N7g6 18.Nf4 Kh7 19.Nd5 d3 20.Qe1 Bd4 21.Kh1 c5 22.f4 c4
23.Bd1 Nc6 24.f5 Nge7 25.f6 Ng6 26.fxg7 Kxg7 27.Ne3 Nce7 28.Nf5+ Nxf5 29.exf5 c3
30.fxg6 d2 31.Bxd2 cxd2 32.Qxd2 Qc5 33.gxf7 Rad8 34.Bb3 Qg5 35.Qc2 Be5 36.Rf2 Rc8
37.Qe2 Bd6 38.Raf1 Qe5 39.Qxe5+ Bxe5 40.Re2 Bd6 41.g3  1-0

[Event "Czech Open GMA"]
[Site "Pardubice CZE"]
[Date "2007.07.25"]
[Round "6"]
[White "Stocek,J"]
[Black "Mamedjarova,Z"]
[Result "1-0"]
[WhiteElo "2572"]
[BlackElo "2384"]

1.d4 d5 2.c4 dxc4 3.e4 e5 4.Nf3 exd4 5.Bxc4 Bb4+ 6.Nbd2 Nc6 7.O-O Nf6 8.e5 Nd5
9.Nb3 Nb6 10.Bg5 Be7 11.Bxe7 Qxe7 12.Bb5 O-O 13.Bxc6 bxc6 14.Qxd4 Be6 15.Rfe1 Bd5
16.Qf4 c5 17.Nbd2 Rad8 18.Ne4 Bxe4 19.Qxe4 Rd5 20.Re2 Rfd8 21.Rae1 h6 22.e6 Qxe6
23.Qxe6 fxe6 24.Rxe6 c4 25.h4 Rb5 26.R1e2 Nd5 27.Rc6 Rdb8 28.Re5 Rd8 29.Rxc4 Rxb2
30.Rd4 c6 31.Re6 c5 32.Rd1 c4 33.Rc6 c3 34.Rxc3 Nxc3 35.Rxd8+ Kf7 36.Rd7+ Kf6
37.a4 Nxa4 38.Rxa7 Nc5 39.Ra1 Ne4 40.Nh2 Kf5 41.Ra5+ Ke6 42.Ng4 Nd6 43.g3 Rb5
44.Ra6 Kd5 45.Ne3+ Kc5 46.Ra7 Nb7 47.Nf5 g5 48.h5 Rb6 49.Kg2 g4 50.Nxh6 Nd6
51.Nxg4 Ne4 52.h6  1-0

[Event "IMA"]
[Site "Dimitrov RUS"]
[Date "2007.07.26"]
[Round "8"]
[White "Shefer,A"]
[Black "Rysbayeva,A"]
[Result "0-1"]
[WhiteElo "2075"]
[BlackElo "2170"]

1.d4 d5 2.c4 dxc4 3.e4 Nf6 4.e5 Nd5 5.Bxc4 Nb6 6.Bb3 Nc6 7.Ne2 Bg4 8.f3 Bf5
9.Nbc3 e6 10.Be3 Be7 11.O-O Qd7 12.Rc1 O-O-O 13.Bf2 Qe8 14.Bc2 Bxc2 15.Qxc2 Nb4
16.Qb1 N4d5 17.Ne4 h5 18.a3 h4 19.h3 Rh6 20.b4 f5 21.exf6 gxf6 22.Nc5 Qg8
23.Kh1 f5 24.Qb3 Rg6 25.Rg1 Qg7 26.Nd3 Bd6 27.f4 Rg8 28.Ne5 Rxg2 29.Qf3 Rxg1+
30.Rxg1 Qh7 31.Rxg8+ Qxg8 32.Bxh4 Be7 33.Bxe7 Nxe7 34.Qh5 Nbd5 35.Qg5 Qe8
36.Qh6 Ng8 37.Qg7 Ngf6 38.Qg2 Qa4 39.Qf3 Qd1+ 40.Kh2 Qd2 41.Qd3 Qe1 42.Qf3 Qd2
43.Qd3 Qa2 44.Kg3 Ne4+ 45.Kf3 Ndc3 46.h4 Nxe2 47.Qxe2 Qxa3+ 48.Nd3 Qa1 49.h5 Qh1+
50.Ke3 Ng3 51.Qf3 Qxf3+ 52.Kxf3 Nxh5 53.Nc5 Ng7 54.b5 c6 55.bxc6 bxc6 56.Ke3 Kc7
57.Kd3 Kd6 58.Na6 Nh5 59.Ke3 Ng3 60.Kd3 Ne4 61.Kc4 Nf6 62.Nb4 Nd5 63.Nd3 Nb6+
64.Kb4 Kd5 65.Kc3 Ke4 66.Nc5+ Kxf4 67.Nxe6+ Ke3 68.Nd8 f4 69.Nxc6 f3 70.Ne5 f2
71.Ng4+ Ke2 72.Nxf2 Kxf2 73.Kb4 Ke3 74.Kc5 Ke4 75.Kb5 Kxd4 76.Ka6 Nc8  0-1

[Event "29th Politiken Cup"]
[Site "Copenhagen DEN"]
[Date "2007.07.27"]
[Round "8"]
[White "Sargissian,G"]
[Black "Hillarp Persson,T"]
[Result "1-0"]
[WhiteElo "2667"]
[BlackElo "2567"]

1.d4 d5 2.c4 dxc4 3.e4 Nc6 4.Nf3 Bg4 5.Bxc4 e6 6.Be3 Bxf3 7.gxf3 Bb4+ 8.Nc3 Nge7
9.Qb3 Bd6 10.Be2 O-O 11.O-O-O Na5 12.Qc2 c6 13.Na4 b6 14.Kb1 Qe8 15.h4 Nb7
16.h5 Rd8 17.e5 Bb8 18.Bd3 Nf5 19.Bxf5 exf5 20.Qxf5 f6 21.exf6 Rxf6 22.Qg4 Rf7
23.Nc3 Nd6 24.Bg5 Rc8 25.d5 c5 26.h6 g6 27.Ne4 Qf8 28.Rhe1 Rf5 29.f4 c4 30.Qf3 Re8
31.Nxd6 Bxd6 32.Qc3 Rxe1 33.Qxe1 Bxf4 34.Bxf4 Rxf4 35.d6 Qf5+ 36.Ka1 Qd7
37.Qe3 Rf7 38.Qd4 b5 39.Re1 Qc6 40.Qe5 Qd7 41.Qe8+  1-0

[Event "Jihlavanka Cup GMB"]
[Site "Olomouc CZE"]
[Date "2007.08.03"]
[Round "4"]
[White "Maiorov,N"]
[Black "Hasangatin,R"]
[Result "1-0"]
[WhiteElo "2487"]
[BlackElo "2476"]

1.d4 d5 2.c4 dxc4 3.e4 Nc6 4.Nf3 Bg4 5.d5 Ne5 6.Bf4 Ng6 7.Be3 e5 8.Bxc4 Nf6
9.Nc3 Bd6 10.Bb5+ Bd7 11.Bxd7+ Qxd7 12.h3 O-O 13.O-O b5 14.Qd3 a6 15.a4 bxa4
16.Rxa4 Nh5 17.Rfa1 Nhf4 18.Qf1 Rab8 19.R1a2 f5 20.Rxa6 fxe4 21.Ng5 Nd3 22.Ne6 Rfe8
23.Nxe4 Nb4 24.Nxd6 cxd6 25.Ra7 Rb7 26.Rxb7 Qxb7 27.Ra7 Qb8 28.Rxg7+ Kh8
29.Bh6 Re7 30.Qc4 Rxg7 31.Nxg7 Ne7 32.Nh5  1-0

[Event "HZ Open"]
[Site "Vlissingen NED"]
[Date "2007.08.10"]
[Round "8"]
[White "Miedema,R"]
[Black "Verlinde,T"]
[Result "1-0"]
[WhiteElo "2271"]
[BlackElo "2116"]

1.d4 d5 2.c4 dxc4 3.e4 e5 4.Nf3 exd4 5.Bxc4 Bb4+ 6.Nbd2 Nc6 7.O-O Nf6 8.e5 Nd5
9.Nb3 Nb6 10.Bb5 Bd7 11.e6 Bxe6 12.Nbxd4 Bd7 13.Nxc6 Bxc6 14.Bxc6+ bxc6 15.Qc2 O-O
16.Ng5 g6 17.Ne4 Nd5 18.Qxc6 Ne7 19.Qc4 Rb8 20.Bh6 Nf5 21.Bxf8 Bxf8 22.Rad1 Qe7
23.Rd7 Rb4 24.Rxe7 Rxc4 25.Nf6+ Kg7 26.Ne8+  1-0

[Event "Open"]
[Site "Callao PER"]
[Date "2007.08.12"]
[Round "7"]
[White "Ascoy,A"]
[Black "Salazar,C"]
[Result "1-0"]
[WhiteElo "2178"]
[BlackElo "2215"]

1.d4 d5 2.c4 dxc4 3.e4 Nf6 4.e5 Nd5 5.Bxc4 Nb6 6.Be2 Bf5 7.Nc3 e6 8.Bf3 c6
9.Nge2 Be7 10.O-O O-O 11.a3 N8d7 12.b4 a6 13.Qb3 Bd3 14.Ne4 Bc4 15.Qc2 a5
16.Bd2 axb4 17.Bxb4 Bxb4 18.axb4 Rxa1 19.Rxa1 f6 20.Nd6 Bxe2 21.Qxe2 fxe5
22.dxe5 Nd5 23.Bxd5 cxd5 24.Qg4 Qe7 25.f4 g5 26.g3 Kh8 27.Kh1 gxf4 28.gxf4 Nb6
29.Ra7 Qc7 30.Rxb7 Qc1+ 31.Qg1 Qxg1+ 32.Kxg1 Nc4 33.Rf7 Rxf7 34.Nxf7+ Kg7
35.Nd6 Nb6 36.Kf2 Kg6 37.Ke3 Kh5 38.h3 Kg6 39.Kd4 Nd7 40.b5 h6 41.f5+ exf5
42.e6  1-0

[Event "ch-Euro IBCA"]
[Site "Durham ENG"]
[Date "2007.08.15"]
[Round "2"]
[White "Pohlers,J"]
[Black "Gunajew,R"]
[Result "0-1"]
[WhiteElo "2095"]
[BlackElo "2249"]

1.d4 d5 2.c4 dxc4 3.e4 Nc6 4.Be3 Nf6 5.f3 e5 6.d5 Nd4 7.Ne2 c5 8.Nd2 Qa5
9.Nc3 b5 10.a4 Bd7 11.Be2 a6 12.O-O Qd8 13.f4 Bd6 14.fxe5 Bxe5 15.Nf3 Nxf3+
16.Bxf3 Rc8 17.Qd2 O-O 18.axb5 axb5 19.Ra2 Re8 20.Bg5 Qc7 21.Bxf6 Bxf6 22.d6 Bd4+
23.Qxd4 cxd4 24.dxc7 dxc3 25.bxc3 Rxc7 26.Rfa1 g6 27.Rd2 Bc6 28.Rd4 Rce7
29.Ra5 Bxe4 30.Rxb5 Bxf3 31.gxf3 Re1+ 32.Kf2 R8e2+ 33.Kg3 Rg1+ 34.Kf4 Rxh2
35.Rc5 Rh4+ 36.Ke5 Re1+ 37.Kd5 Rh5+ 38.Kxc4 Rxc5+ 39.Kxc5 Re3 40.c4 Rxf3
41.Kd6 h5 42.c5 Rc3 43.c6 Kg7 44.Rd5 h4 45.c7 h3 46.Rd2 g5 47.Ke5 Rxc7 48.Kf5 Rc5+
49.Kg4 Kg6 50.Rd6+ f6 51.Kxh3 Kf5 52.Rd3 Rc4 53.Rf3+ Ke5 54.Ra3 f5  0-1

[Event "Acropolis Open"]
[Site "Athens GRE"]
[Date "2007.08.16"]
[Round "3"]
[White "Logothetis,S"]
[Black "Danielian,E"]
[Result "1/2-1/2"]
[WhiteElo "2300"]
[BlackElo "2439"]

1.d4 d5 2.c4 dxc4 3.e4 Nf6 4.e5 Nd5 5.Bxc4 Nb6 6.Bb3 Nc6 7.Ne2 Bf5 8.Nbc3 e6
9.O-O Qd7 10.Be3 Be7 11.Ng3 Bg6 12.f4 O-O-O 13.d5 exd5 14.Bxb6 axb6 15.f5 Nxe5
16.Nxd5 Bc5+ 17.Kh1 c6 18.Nc3 Qe7 19.Qe2 f6 20.fxg6 hxg6 21.h3 Rd3 22.Nce4 Re3
23.Qd2 Rd8 24.Qc2 f5 25.Nxf5 gxf5 26.Nxc5 bxc5 27.Qxf5+ Nd7 28.Rad1  1/2-1/2

[Event "XIX Open"]
[Site "Porto San Giorgio ITA"]
[Date "2007.08.22"]
[Round "2"]
[White "La Manna,F"]
[Black "Rausis,I"]
[Result "0-1"]
[WhiteElo "2179"]
[BlackElo "2524"]

1.d4 d5 2.c4 dxc4 3.e4 e5 4.Nf3 exd4 5.Bxc4 Nc6 6.O-O Be6 7.Bxe6 fxe6 8.Qb3 Qd7
9.Qxb7 Rb8 10.Qa6 Nf6 11.Nbd2 Bc5 12.Nc4 O-O 13.Re1 d3 14.Bd2 Ng4 15.Be3 Nb4
16.Nce5 Bxe3 17.Nxd7 Bxf2+ 18.Kf1 Nxa6 19.Nxb8 Bb6 20.Red1 Ne3+ 21.Ke1 Rxb8  0-1

[Event "ch-Euro IBCA"]
[Site "Durham ENG"]
[Date "2007.08.23"]
[Round "9"]
[White "Wassin,S"]
[Black "Zsiltzova Lisenko,L"]
[Result "1-0"]
[WhiteElo "2299"]
[BlackElo "2284"]

1.d4 d5 2.c4 dxc4 3.e4 Nf6 4.e5 Nd5 5.Bxc4 Nb6 6.Bd3 Nc6 7.Ne2 e6 8.O-O Be7
9.Nbc3 O-O 10.Be3 Nb4 11.Be4 N4d5 12.Qc2 h6 13.Nxd5 Nxd5 14.Bxd5 exd5 15.f4 c6
16.f5 Bg5 17.Bxg5 Qxg5 18.Rf4 Bd7 19.Raf1 c5 20.dxc5 Bb5 21.R1f3 Bxe2 22.Qxe2 Rae8
23.b4 a5 24.a3 Re7 25.h4 Qh5 26.Qf2 g5 27.fxg6 Qxe5 28.Rxf7 Rfxf7 29.Rxf7 Re8
30.Rxb7 Rf8 31.Rf7 Rb8 32.g7 h5 33.Rb7  1-0

[Event "15th Open"]
[Site "Nikea GRE"]
[Date "2007.08.24"]
[Round "2"]
[White "Karagiannis,A"]
[Black "Abatzidis,S"]
[Result "1-0"]
[WhiteElo "2349"]
[BlackElo "2039"]

1.d4 d5 2.c4 dxc4 3.e4 Nf6 4.e5 Nd5 5.Bxc4 e6 6.Nf3 Bb4+ 7.Nbd2 a6 8.O-O b5
9.Bd3 Bb7 10.Ne4 h6 11.a4 c6 12.Bd2 Be7 13.Qe2 Nd7 14.Rfc1 Qb6 15.Nc3 Nxc3
16.bxc3 Qd8 17.Qe4 Qc7 18.c4 b4 19.d5 Nc5 20.Qe3 Nxd3 21.Qxd3 Bc5 22.a5 Bc8
23.d6 Qa7 24.Be1 O-O 25.Rab1 Rb8 26.Nd2 Bd4 27.c5 Bxe5 28.Nc4 Bf4 29.Rd1 Qxc5
30.d7 Bxd7 31.Nb6 Bc8 32.Bxb4 Qh5 33.Bxf8 Qxh2+ 34.Kf1 e5 35.Nxc8 Rxc8 36.Bc5 Qh1+
37.Ke2 Qxg2 38.Rg1 Qh2 39.Qd7 Qh5+ 40.Qg4 Qxg4+ 41.Rxg4 g5 42.Rgg1 h5 43.Rb6 Ra8
44.Be3 g4 45.Rh1  1-0

[Event "TCh-ESP CECLUB Sur Div 1"]
[Site "Burguillos ESP"]
[Date "2007.08.26"]
[Round "6"]
[White "Gomez Esteban,J"]
[Black "Recuero Guerra,D"]
[Result "1/2-1/2"]
[WhiteElo "2482"]
[BlackElo "2378"]

1.d4 d5 2.c4 dxc4 3.e4 Nc6 4.Nf3 Bg4 5.Bxc4 e6 6.d5 exd5 7.exd5 Qe7+ 8.Be3 Bxf3
9.gxf3 O-O-O 10.Nc3 Qh4 11.Be2 Nf6 12.Qd3 Qh5 13.O-O-O Nb4 14.Qc4 Nbxd5 15.Bxa7 Be7
16.Bd4 Nxc3 17.Bxc3 Kb8 18.a3 Nd5 19.f4 Qf5 20.Be5 f6 21.Rxd5 Rxd5 22.Bxc7+ Kc8
23.Bd6+ Rc5 24.Bxc5 Qxc5 25.Bg4+ Kc7  1/2-1/2

[Event "zt 3.2"]
[Site "Dhaka BAN"]
[Date "2007.08.26"]
[Round "5"]
[White "Abdulla,AlR"]
[Black "Ganguly,S"]
[Result "0-1"]
[WhiteElo "2524"]
[BlackElo "2586"]

1.d4 d5 2.c4 dxc4 3.e4 e5 4.Nf3 exd4 5.Bxc4 Nc6 6.O-O Be6 7.Bb5 Bc5 8.b4 Bb6
9.a4 a6 10.Bxc6+ bxc6 11.a5 Ba7 12.Qd3 Ne7 13.Nbd2 O-O 14.Ba3 Ng6 15.Qxa6 Qd7
16.b5 c5 17.Qc6 Rfb8 18.Qxd7 Bxd7 19.Rfc1 Nf4 20.b6 cxb6  0-1

[Event "4th LGA Premium Cup"]
[Site "Nuernberg GER"]
[Date "2007.09.09"]
[Round "7"]
[White "Prusikin,M"]
[Black "Donchenko,A"]
[Result "1-0"]
[WhiteElo "2569"]
[BlackElo "2375"]

1.d4 d5 2.c4 dxc4 3.e4 Nc6 4.Nf3 Bg4 5.Be3 Nf6 6.Nc3 e6 7.Bxc4 Bb4 8.Qd3 O-O
9.a3 Be7 10.Nd2 Na5 11.h3 Nxc4 12.Qxc4 Bh5 13.g4 Bg6 14.f4 Ne8 15.f5 Bh4+
16.Kd1 Nd6 17.Qd3 Nxe4 18.fxg6 Nxc3+ 19.Qxc3 hxg6 20.Kc2 Bf6 21.Qc4 b5 22.Qc5 Qd7
23.Nf3 Rfd8 24.Rhd1 Qe8 25.Ne5 c6 26.Kb3 Rac8 27.Rac1 Rd5 28.Qxa7 c5 29.Ka2 c4
30.g5 Be7 31.Rf1  1-0

[Event "60th ch-RUS Higher League"]
[Site "Krasnoyarsk RUS"]
[Date "2007.09.10"]
[Round "7"]
[White "Volkov,Sergey1"]
[Black "Kiselev,G"]
[Result "1-0"]
[WhiteElo "2659"]
[BlackElo "2434"]

1.d4 d5 2.c4 dxc4 3.e4 c5 4.d5 e6 5.Nc3 exd5 6.Qxd5 Qxd5 7.Nxd5 Bd6 8.Bxc4 Ne7
9.Ne2 Nxd5 10.Bxd5 Nd7 11.Bf4 Bxf4 12.Nxf4 Rb8 13.O-O b6 14.e5 Nxe5 15.Rfe1 f6
16.Nh5 Kf8 17.f4 Nd3 18.Re3 Nb4 19.Be4 Bb7 20.a3 Nd5 21.Rd3 Nxf4 22.Nxf4 Bxe4
23.Rd7 Re8 24.Rad1 g5 25.Nh5 Bf5 26.Rxa7 Bg4 27.Nxf6 Bxd1 28.Nxe8 h5 29.Nd6 Rg8  1-0